[Event "Mid Bohemia Region-chT 2223"]
[Site "Czech Republic"]
[Date "2023.01.15"]
[Round "6.5"]
[White "Handl, Petr"]
[Black "Kubaljak, Jaromir"]
[Result "1-0"]
[WhiteElo "1629"]
[BlackElo "1788"]
[PlyCount "47"]
[EventDate "2022.10.09"]
[EventType "team-tourn"]
[EventRounds "11"]
[EventCountry "CZE"]
[SourceTitle "EXT 2024"]
[Source "ChessBase"]
[SourceDate "2023.10.10"]
[SourceVersion "1"]
[SourceVersionDate "2023.10.10"]
[SourceQuality "1"]
[WhiteTeam "Zdice"]
[BlackTeam "Brodce"]
[WhiteTeamCountry "CZE"]
[BlackTeamCountry "CZE"]

1. e4 e5 2. Nf3 Nc6 3. Bc4 h6 4. 0-0 Nf6 5. d4 d6 6. dxe5 dxe5 7. Qxd8+ Nxd8 8. Nxe5 Bd6 9. Nd3 Nd7 10. Nc3 0-0 11. f4 Nb6 12. Bb3 c6 13. e5 Bc7 14. f5 Kh7 15. Be3 Re8 16. Bd4 Nd7 17. Rae1 Bb6 18. Bxb6 Nxb6 19. Ne4 Nd7 20. Nd6 Rf8 21. e6 fxe6 22. fxe6 Rxf1+ 23. Rxf1 Nf6 24. e7 1-0

[Event "Mid Bohemia Region-chT 2223"]
[Site "Czech Republic"]
[Date "2022.12.11"]
[Round "5.6"]
[White "Garsic, Petr"]
[Black "Kubaljak, Jaromir"]
[Result "1-0"]
[WhiteElo "1865"]
[BlackElo "1788"]
[PlyCount "63"]
[EventDate "2022.10.09"]
[EventType "team-tourn"]
[EventRounds "11"]
[EventCountry "CZE"]
[SourceTitle "EXT 2024"]
[Source "ChessBase"]
[SourceDate "2023.10.10"]
[SourceVersion "1"]
[SourceVersionDate "2023.10.10"]
[SourceQuality "1"]
[WhiteTeam "Bakov nad Jizerou II"]
[BlackTeam "Brodce"]
[WhiteTeamCountry "CZE"]
[BlackTeamCountry "CZE"]

1. d4 d5 2. c4 e6 3. Nc3 Nf6 4. Bg5 Be7 5. e3 0-0 6. Nf3 b6 7. Bd3 h6 8. Bh4 Bb7 9. Qc2 dxc4 10. Bxc4 Nc6 11. a3 Na5 12. Be2 Nd5 13. Bxe7 Qxe7 14. Nxd5 Bxd5 15. b4 Nc6 16. 0-0 f5 17. Rfc1 Rac8 18. Ba6 Bxf3 19. gxf3 Qg5+ 20. Kh1 Ne7 21. Bxc8 Rxc8 22. Rg1 Qh5 23. Qd1 g5 24. f4 Qxd1 25. Raxd1 g4 26. f3 h5 27. fxg4 hxg4 28. h3 Kf7 29. hxg4 Rh8+ 30. Kg2 fxg4 31. Rh1 Rg8 32. e4 1-0

[Event "Mid Bohemia Region-chT 2223"]
[Site "Czech Republic"]
[Date "2022.11.13"]
[Round "3.6"]
[White "Jancalek, Petr"]
[Black "Kubaljak, Jaromir"]
[Result "1-0"]
[WhiteElo "1831"]
[BlackElo "1788"]
[PlyCount "53"]
[EventDate "2022.10.09"]
[EventType "team-tourn"]
[EventRounds "11"]
[EventCountry "CZE"]
[SourceTitle "EXT 2024"]
[Source "ChessBase"]
[SourceDate "2023.10.10"]
[SourceVersion "1"]
[SourceVersionDate "2023.10.10"]
[SourceQuality "1"]
[WhiteTeam "Odolena Voda Aero"]
[BlackTeam "Brodce"]
[WhiteTeamCountry "CZE"]
[BlackTeamCountry "CZE"]

1. e4 e5 2. d4 exd4 3. Qxd4 Nc6 4. Qe3 d6 5. Nc3 Nf6 6. Bd2 Be7 7. 0-0-0 0-0 8. Be1 Ng4 9. Qe2 Bg5+ 10. Kb1 Nge5 11. h4 Bh6 12. f3 Be6 13. g4 g6 14. g5 Bg7 15. Qg2 f6 16. Nge2 Qe7 17. f4 Nc4 18. Qg1 f5 19. exf5 Bxf5 20. Ng3 Ne3 21. Nxf5 Rxf5 22. Rc1 Rxf4 23. Bh3 Bd4 24. Bf2 Raf8 25. Rh2 Nb4 26. Ne2 Nbxc2 27. Nxd4 1-0

[Event "Mid Bohemia Region-chT 2223"]
[Site "Czech Republic"]
[Date "2022.10.09"]
[Round "1.5"]
[White "Kubaljak, Jaromir"]
[Black "Daniel, Jiri1111"]
[Result "1-0"]
[WhiteElo "1788"]
[BlackElo "1905"]
[PlyCount "160"]
[EventDate "2022.10.09"]
[EventType "team-tourn"]
[EventRounds "11"]
[EventCountry "CZE"]
[SourceTitle "EXT 2024"]
[Source "ChessBase"]
[SourceDate "2023.10.10"]
[SourceVersion "1"]
[SourceVersionDate "2023.10.10"]
[SourceQuality "1"]
[WhiteTeam "Brodce"]
[BlackTeam "Lysa nad Labem Joly IV"]
[WhiteTeamCountry "CZE"]
[BlackTeamCountry "CZE"]

1. d4 g6 2. e4 d6 3. Nc3 Bg7 4. Nf3 Bg4 5. Be2 Nd7 6. h3 Bxf3 7. Bxf3 c5 8. Be3 Rc8 9. 0-0 Ngf6 10. dxc5 dxc5 11. e5 Nxe5 12. Bxb7 Qxd1 13. Nxd1 Rc7 14. Ba6 0-0 15. Bf4 Nd5 16. Bxe5 Bxe5 17. Re1 Bf6 18. c3 Rb8 19. Be2 Nf4 20. Bc4 e6 21. Rc1 Rd7 22. Rc2 Rbd8 23. Ne3 Rd2 24. Rec1 Kf8 25. Rxd2 Rxd2 26. Rc2 Rd8 27. Kf1 Ke7 28. Ke1 Nd5 29. Ke2 Bg5 30. Ng4 Nb6 31. Bb5 Bf4 32. g3 Bb8 33. Ne3 h5 34. Rd2 Rxd2+ 35. Kxd2 Kd6 36. Kd3 Bc7 37. b3 Ke7 38. a4 a5 39. Bc6 f5 40. Ng2 g5 41. h4 gxh4 42. Nxh4 Kf6 43. Ng2 Kg5 44. Ke3 e5 45. Kf3 Bd6 46. Ne3 f4 47. gxf4+ exf4 48. Nf1 h4 49. Kg2 c4 50. Nd2 Be5 51. bxc4 Kg4 52. f3+ Kg5 53. c5 Nc8 54. Ne4+ Kg6 55. Be8+ Kg7 56. Kh3 Ne7 57. Kxh4 Nd5 58. c6 Nf6 59. Bh5 Nxe4 60. fxe4 Kf6 61. c4 Bc7 62. Kg4 Ke5 63. Kf3 Kd4 64. Bf7 Kc5 65. Bd5 Kb4 66. Kg4 Kc5 67. Kf5 f3 68. e5 f2 69. Bg2 f1Q+ 70. Bxf1 Kxc6 71. Ke6 Bd8 72. Bg2+ Kc7 73. c5 Bh4 74. Kf7 Kd8 75. c6 Bg5 76. e6 Bh4 77. Be4 Bg5 78. c7+ Kxc7 79. e7 Bxe7 80. Kxe7 Kb6 1-0

[Event "Czechia KP-chTB 0607"]
[Site "Czech Republic"]
[Date "2007.02.04"]
[Round "7.3"]
[White "Kubaljak, Jaromir"]
[Black "Pistik, Petr"]
[Result "0-1"]
[WhiteElo "2032"]
[BlackElo "2101"]
[PlyCount "128"]
[EventDate "2006.10.29"]
[EventType "team"]
[EventRounds "11"]
[EventCountry "CZE"]
[SourceTitle "EXT 2008"]
[Source "ChessBase"]
[SourceDate "2007.11.25"]
[SourceVersion "1"]
[SourceVersionDate "2007.11.25"]
[SourceQuality "1"]
[WhiteTeam "Benesov"]
[BlackTeam "Nymburk Sokol"]
[WhiteTeamCountry "CZE"]
[BlackTeamCountry "CZE"]

1. d4 Nf6 2. c4 e6 3. Nc3 Bb4 4. Bd2 0-0 5. Nf3 d5 6. e3 Nbd7 7. a3 Bxc3 8. Bxc3 Ne4 9. Rc1 b6 10. cxd5 exd5 11. Bd3 Ndf6 12. Bb4 Re8 13. Ne5 c5 14. Bc3 c4 15. Bc2 a6 16. 0-0 b5 17. Be1 Qb6 18. f3 Nd6 19. Bg3 Nh5 20. Bf2 Nf6 21. Qd2 Bf5 22. Rfe1 Bxc2 23. Rxc2 a5 24. Bh4 Nf5 25. Bf2 Qb7 26. g4 Nd6 27. Bg3 Nd7 28. Qg2 f6 29. Nxd7 Qxd7 30. e4 dxe4 31. fxe4 Nf7 32. Bf2 Rad8 33. Rce2 b4 34. e5 fxe5 35. dxe5 Ng5 36. Bh4 h6 37. Bxg5 hxg5 38. axb4 axb4 39. Re4 Qd3 40. e6 Re7 41. Qe2 Qxe2 42. R1xe2 Rc8 43. Rc2 b3 44. Rd2 Rc6 45. Rde2 Kf8 46. Kf2 Ke8 47. Ke1 Rec7 48. Re5 Rb7 49. Kd1 c3 50. Kc1 c2 51. Ra5 Rd6 52. Re1 Ke7 53. Ra3 Rxe6 54. Rh1 Re4 55. Rg1 Kd6 56. Ra6+ Kc5 57. Ra8 Rbe7 58. Rc8+ Kd4 59. Rd8+ Kc4 60. Rc8+ Kd5 61. Rd8+ Kc6 62. Kd2 Kc7 63. Rd3 Re2+ 64. Kc3 Re1 0-1

[Event "Czechia KP-chTB 0607"]
[Site "Czech Republic"]
[Date "2007.01.21"]
[Round "6.3"]
[White "Brezina, Jindrich"]
[Black "Kubaljak, Jaromir"]
[Result "1-0"]
[WhiteElo "1817"]
[BlackElo "2032"]
[PlyCount "66"]
[EventDate "2006.10.29"]
[EventType "team"]
[EventRounds "11"]
[EventCountry "CZE"]
[SourceTitle "EXT 2008"]
[Source "ChessBase"]
[SourceDate "2007.11.25"]
[SourceVersion "1"]
[SourceVersionDate "2007.11.25"]
[SourceQuality "1"]
[WhiteTeam "Sendrazice"]
[BlackTeam "Benesov"]
[WhiteTeamCountry "CZE"]
[BlackTeamCountry "CZE"]

1. d4 e6 2. c4 Nf6 3. Nc3 d5 4. Bg5 Be7 5. e3 0-0 6. Nf3 a6 7. Be2 c5 8. dxc5 dxc4 9. Bxc4 Qa5 10. 0-0 Qxc5 11. Qd4 Qxd4 12. Nxd4 b5 13. Bb3 h6 14. Bh4 g5 15. Bg3 Nh5 16. Bc7 Bb7 17. Rac1 Ng7 18. f4 Nd7 19. f5 exf5 20. Nd5 Bd8 21. Bd6 Re8 22. Nc7 Bxc7 23. Rxc7 Bc8 24. Nxf5 Nxf5 25. Rxf5 Rxe3 26. Bxf7+ Kh7 27. Bd5 Kg6 28. g4 Rb8 29. Bf7+ Kg7 30. Bh5 Ra8 31. Be5+ Kg8 32. Bf7+ Kh7 33. Be6 Rd3 1-0

[Event "Czechia KP-chTB 0607"]
[Site "Czech Republic"]
[Date "2006.11.26"]
[Round "3.3"]
[White "Kubaljak, Jaromir"]
[Black "Gernert, Otakar"]
[Result "0-1"]
[WhiteElo "2032"]
[BlackElo "1964"]
[PlyCount "68"]
[EventDate "2006.10.29"]
[EventType "team"]
[EventRounds "11"]
[EventCountry "CZE"]
[SourceTitle "EXT 2008"]
[Source "ChessBase"]
[SourceDate "2007.11.25"]
[SourceVersion "1"]
[SourceVersionDate "2007.11.25"]
[SourceQuality "1"]
[WhiteTeam "Benesov"]
[BlackTeam "Struharov"]
[WhiteTeamCountry "CZE"]
[BlackTeamCountry "CZE"]

1. d4 Nf6 2. Nf3 d5 3. Bf4 e6 4. Nbd2 Bd6 5. Bxd6 Qxd6 6. c3 Nc6 7. e3 e5 8. dxe5 Nxe5 9. Nxe5 Qxe5 10. Nf3 Qe7 11. Qb3 0-0 12. Be2 c6 13. 0-0 Ne4 14. Qd1 Re8 15. Rc1 Bf5 16. Qd4 Bg4 17. Rfd1 a6 18. h3 Bh5 19. c4 Rad8 20. c5 f5 21. b4 Rf8 22. Kf1 f4 23. Kg1 Rf6 24. a4 Rdf8 25. b5 axb5 26. axb5 Rg6 27. bxc6 bxc6 28. Kf1 Re6 29. exf4 Rxf4 30. Qb2 Ref6 31. g4 Bg6 32. Kg2 Ng5 33. Re1 Be4 34. Qb8+ Kf7 0-1